Meranie nezamestnanosti

Praktické problémy merania nezamestnanosti a zmien pracovnej sily. Celková nezamestnanosť sa obyčajne meria dvomi spôsobmi: 1. Pojmom zásoby (stock) - vyjadruje rozdiel medzi veľkosťou pracovnej sily (v počtoch osôb) a veľkosťou zamestnanej pracovnej sily v každom časovom bode; 2. Percentuálnou mier...

ver descrição completa

Na minha lista:
Detalhes bibliográficos
Autor principal: Senderáková, Lucia
Formato: Capítulo de Livro
Idioma:eslovaco
Assuntos:
Tags: Adicionar Tag
Sem tags, seja o primeiro a adicionar uma tag!

MARC

LEADER 00000naa$a2200000$$$4500
001 0004310
005 20231002091018.7
041 0 |a slo 
044 |a SK 
245 1 0 |a Meranie nezamestnanosti  |c aut. Lucia Senderáková 
520 |a Praktické problémy merania nezamestnanosti a zmien pracovnej sily. Celková nezamestnanosť sa obyčajne meria dvomi spôsobmi: 1. Pojmom zásoby (stock) - vyjadruje rozdiel medzi veľkosťou pracovnej sily (v počtoch osôb) a veľkosťou zamestnanej pracovnej sily v každom časovom bode; 2. Percentuálnou mierou nezamestnanosti - pomerom medzi pracovnou silou a nezamestnanými. Vývoj nezamestnanosti v 1. polroku 2002 a 2003. Vývoj mier nezamestnanosti v SR. Metodické vymedzenie, 
610 2 0 |a výkazníctvo štatistické 
610 2 0 |a miera nezamestnanosti 
610 2 0 |a nezamestnaní 
610 2 0 |a obyvateľstvo aktívne 
610 2 0 |a ukazovatele štatistické 
100 1 |a Senderáková, Lucia